• 首页
  • 本馆介绍
  • 公告通知
  • 最新文献
  • 馆藏检索
  • 电子资源
  • 读者导购
  • 参考咨询
  • 我的图书馆
  • 登录
  • 详细信息显示
  • 放入我的书架
  • 预约/预借图书
  • 作者相关作品
  • 分类相关作品
  • 丛书相关作品
  • 出版社相关作品

书目信息

  • 表格格式
  • 工作单格式
  • 卡片格式
题名:
IT发条
    
 
作者: 韩磊 , 陈广伟 , 张晨 编著
分册:  
出版信息: 北京   清华大学出版社  2016
页数: 258页
开本: 24cm
丛书名:
单 册:
中图分类: F264.2
科图分类:
主题词: 高技术产业--gao ji shu chan ye--研究 , 经济计划 , 经济管理
电子资源:
ISBN: 978-7-302-43522-8
000 01327nam0 2200313 450
001 CAL 012016072263
005 20170620093742.01
010    @a978-7-302-43522-8@b@dCNY49.00
099    @aCAL 012016072263
100    @a20160518d2016 em y0chiy50 ea
101 0  @achi
102    @aCN@b110000
105    @ay z 000yy
106    @ar
200 1  @aIT发条@Ait fa tiao@e那些让你心动的科技产品@f韩磊, 陈广伟, 张晨编著@g
210    @a北京@c清华大学出版社@d2016
215    @a258页@c@d24cm
330    @a本书围绕与日常生活密切相关的PC、手机、外设与配件、穿戴、家居、户外、出行、影音娱乐、线上线下生活、人工智能等方面跟踪了主力公司的最新动向, 关注市场创意产品或服务, 同时对其市场前景提出鲜明观点, 进行了预判。一书在手, 既能洞察市场趋势, 知晓变化风云; 又能站在巨人的肩膀上, 丰富与他人的谈资, 验证未来发展的趋势。当然, 也不排除您受到相关启发, 成为创意设计大师的可能性。
517 1  @a那些让你心动的科技产品@Ana xie rang ni xin dong de ke ji chan pin@Ana xie rang ni xin dong de ke ji chan pin
606 0  @a高技术产业@Agao ji shu chan ye@x研究
606 0  @a经济计划
606 0  @a经济管理
690    @aF264.2@v5
701  0 @a韩磊@Ahan lei@4编著
701  0 @a陈广伟@Achen guang wei@4编著
701  0 @a张晨@Azhang chen@4编著
801  0 @aCN@bZHONGJIAO@c20170609@g
905    @aBZT@dF264.2@e1
906    @dCNY49.00@n3@r1
    
    IT发条:那些让你心动的科技产品/韩磊, 陈广伟, 张晨编著.-北京:清华大学出版社,2016
    258页;24cm
    
    
    ISBN 978-7-302-43522-8:CNY49.00
    本书围绕与日常生活密切相关的PC、手机、外设与配件、穿戴、家居、户外、出行、影音娱乐、线上线下生活、人工智能等方面跟踪了主力公司的最新动向, 关注市场创意产品或服务, 同时对其市场前景提出鲜明观点, 进行了预判。一书在手, 既能洞察市场趋势, 知晓变化风云; 又能站在巨人的肩膀上, 丰富与他人的谈资, 验证未来发展的趋势。当然, 也不排除您受到相关启发, 成为创意设计大师的可能性。
●
相关链接 在五车中查询图书 在当当中查询图书 在豆瓣中查询图书


正题名:IT发条     索取号:F264.2/1         预约/预借

序号 登录号 条形码 馆藏地/架位号 状态 备注
1 831980   2000831980   第二书库/ [索取号:F264.2/1] 在馆    
2 831981   2000831981   第二书库/ [索取号:F264.2/1] 在馆    
3 831982   2000831982   第二书库/ [索取号:F264.2/1] 在馆    
山东省滨州职业学院图书馆 欢迎您!
大连网信软件有限公司© 版权所有